<?xml version="1.0" encoding="UTF-8"?>
<record
    xmlns:xsi="http://www.w3.org/2001/XMLSchema-instance"
    xsi:schemaLocation="http://www.loc.gov/MARC21/slim http://www.loc.gov/standards/marcxml/schema/MARC21slim.xsd"
    xmlns="http://www.loc.gov/MARC21/slim">

  <leader>01634nam a22002654aa4500</leader>
  <controlfield tag="003">BOFEUTO</controlfield>
  <controlfield tag="005">20240502095518.0</controlfield>
  <controlfield tag="008">240426t2023    bo     gr     001 f spa d</controlfield>
  <datafield tag="040" ind1=" " ind2=" ">
    <subfield code="6">BOFEUTO</subfield>
    <subfield code="a">BOFEUTO</subfield>
    <subfield code="c">BOFEUTO</subfield>
  </datafield>
  <datafield tag="041" ind1=" " ind2=" ">
    <subfield code="a">spa</subfield>
  </datafield>
  <datafield tag="044" ind1=" " ind2=" ">
    <subfield code="a">bo</subfield>
  </datafield>
  <datafield tag="082" ind1=" " ind2=" ">
    <subfield code="a">TE5439</subfield>
    <subfield code="b">C141p</subfield>
  </datafield>
  <datafield tag="100" ind1=" " ind2=" ">
    <subfield code="a">Calizaya, Katherine Pamela</subfield>
    <subfield code="e">autor</subfield>
  </datafield>
  <datafield tag="245" ind1=" " ind2=" ">
    <subfield code="a">Plan de marketing social media para la empresa Petshop y peluquer&#xE1; PEKYS en la ciudad de Oruro /</subfield>
    <subfield code="c">Katherine Pamela Calizaya</subfield>
  </datafield>
  <datafield tag="260" ind1=" " ind2=" ">
    <subfield code="a">Oruro :</subfield>
    <subfield code="b">s/n,</subfield>
    <subfield code="c">2023.</subfield>
  </datafield>
  <datafield tag="300" ind1=" " ind2=" ">
    <subfield code="a">102 hojas :</subfield>
    <subfield code="b">fig., tabl. ;</subfield>
    <subfield code="c">28.5 cm.</subfield>
  </datafield>
  <datafield tag="500" ind1=" " ind2=" ">
    <subfield code="a">Incluye bibliograf&#xED;a, anexos.</subfield>
  </datafield>
  <datafield tag="502" ind1=" " ind2=" ">
    <subfield code="a">Proyecto de grado Doble Titulaci&#xF3;n V -- (Licenciatura) Universidad T&#xE9;cnica de Oruro, Facultad de Ciencias Econ&#xF3;micas Financieras y Administrativas, Carrera Administraci&#xF3;n de Empresas, 2023.</subfield>
  </datafield>
  <datafield tag="520" ind1=" " ind2=" ">
    <subfield code="a">El presente proyecto de grado tiene como prop&#xF3;sito el dise&#xF1;ar el plan de marketing social media para la empresa Peth Shop y Peluquer&#xED;a PEKYS en la ciudad de Oruro dedicada a la venta de productos para mascotas y adem&#xE1;s consta del servicio de peluquer&#xED;a canina, este trabajo tiene el fin de lograr una captaci&#xF3;n de clientes nuevos ya que esta empresa no es conocida.
En la actualidad la empresa no tiene presencia en las redes sociales y eso es un d&#xE9;ficit, ya que hoy en d&#xED;a toda publicidad se realiza a trav&#xE9;s del social media, la falta el uso y conocimiento de estas plataformas sociales impide el interactuar con los clientes.</subfield>
  </datafield>
  <datafield tag="650" ind1=" " ind2=" ">
    <subfield code="a">Administraci&#xF3;n</subfield>
  </datafield>
  <datafield tag="653" ind1=" " ind2=" ">
    <subfield code="a">Marketing</subfield>
  </datafield>
  <datafield tag="653" ind1=" " ind2=" ">
    <subfield code="a">Social media</subfield>
  </datafield>
  <datafield tag="700" ind1=" " ind2=" ">
    <subfield code="a">Dockar Chuquimia, Mar&#xED;a del Carmen</subfield>
    <subfield code="e">tutor</subfield>
  </datafield>
  <datafield tag="942" ind1=" " ind2=" ">
    <subfield code="2">ddc</subfield>
    <subfield code="c">TE</subfield>
    <subfield code="n">0</subfield>
  </datafield>
  <datafield tag="999" ind1=" " ind2=" ">
    <subfield code="c">15118</subfield>
    <subfield code="d">15118</subfield>
  </datafield>
  <datafield tag="952" ind1=" " ind2=" ">
    <subfield code="0">0</subfield>
    <subfield code="1">0</subfield>
    <subfield code="2">ddc</subfield>
    <subfield code="4">0</subfield>
    <subfield code="7">0</subfield>
    <subfield code="a">UTO</subfield>
    <subfield code="b">UTO</subfield>
    <subfield code="c">4</subfield>
    <subfield code="d">2024-04-26</subfield>
    <subfield code="i">5439</subfield>
    <subfield code="l">2</subfield>
    <subfield code="o">TE5439/C141p</subfield>
    <subfield code="p">TE5439</subfield>
    <subfield code="r">2025-05-02 10:56:05</subfield>
    <subfield code="s">2025-05-02</subfield>
    <subfield code="t">Ej. 1</subfield>
    <subfield code="w">2024-05-02</subfield>
    <subfield code="y">TE</subfield>
  </datafield>
</record>
